|
|
|
|
| LEADER |
00611nam a22001931a 4500 |
| 020 |
|
|
|a 9780670892518
|c 0.00
|
| 040 |
|
|
|a SSUS - Library - Kalady
|
| 082 |
|
|
|a 823
|b SHA/S
|
| 100 |
|
|
|a Shashi Deshpande
|
| 245 |
|
|
|a Small Remedies
|h [Text]
|
| 260 |
|
|
|a New Delhi
|b Viking
|c 2000
|
| 300 |
|
|
|a 324p.
|
| 600 |
|
|
|a Literature English
|
| 600 |
|
|
|a Literature
|
| 600 |
|
|
|a Novel English
|
| 852 |
|
|
|h 823
|i SHA/S
|p 022890
|9 395.00
|t 0
|
| 942 |
|
|
|c BK
|
| 999 |
|
|
|c 42357
|d 42357
|
| 952 |
|
|
|0 0
|1 0
|4 0
|6 823_000000000000000_SHA_S
|7 0
|9 61423
|a SSUS
|b SSUS
|d 2015-01-08
|g 395.00
|l 1
|o 823 SHA/S
|p 022890
|r 2017-08-31
|s 2017-08-17
|v 0.00
|w 2015-01-08
|y BK
|